000 00525nam a2200157Ia 4500
008 240729s9999 xx 000 0 und d
022 _a2734-9586
245 0 _aHo Chi Minh City Open University Journal of Science - Economics and Business Administration
260 _aViet Nam
260 _bHO CHI MINH CITY OPEN UNIVERSITY JOURNAL OF SCIENCE
650 _a Economic theory. Demography
650 _aSocial Sciences
856 _uhttps://doaj.org/toc/f808a5ff430d44e99cf449eddae7022d
942 _2ddc
942 _cDOAJEJ
999 _c65699
_d65699
945 _a1
_bMadushi Gamage
_c1
_dMadushi Gamage